"Švédsky model" v kontexte teórie sociálneho štátu

Koncept sociálneho štátu ako základ politiky mnohých krajín. Švédsko nesporne patrí medzi krajiny, ekonomika ktorých sa stala vzorovým modelom sociálneho štátu. Avšak skúsenosti Švédska z konca minulého storočia, keď sa „švédsky model“, tiež známy ako „domov blahobytu pre všetkých“ ukázal ako neudrž...

Celý popis

Uložené v:
Podrobná bibliografia
Hlavný autor: Damašková, Tatiana, 1969-
Médium: Kapitola
Jazyk:Slovak
Predmet:
Tagy: Pridať tag
Žiadne tagy, Buďte prvý, kto otaguje tento záznam!

MARC

LEADER 00000naa$a2200000$$$4500
001 0279009
005 20240502074330.6
041 0 |a slo 
044 |a SK 
245 1 0 |a "Švédsky model" v kontexte teórie sociálneho štátu  |c Tatiana Damašková 
520 |a Koncept sociálneho štátu ako základ politiky mnohých krajín. Švédsko nesporne patrí medzi krajiny, ekonomika ktorých sa stala vzorovým modelom sociálneho štátu. Avšak skúsenosti Švédska z konca minulého storočia, keď sa „švédsky model“, tiež známy ako „domov blahobytu pre všetkých“ ukázal ako neudržateľný a intervencie štátu do hospodárstva a na trhu práce, aj keď boli motivované chvályhodnými cieľmi, vyústili do negatívnych ekonomických a sociálnych dôsledkov. 
610 2 0 |a Švédsko 
610 2 0 |a modely sociálne 
610 2 0 |a štát 
610 2 0 |a štát blahobytu 
100 1 |a Damašková, Tatiana, 1969-